Śrimadbhāgavata kathāsāra. (Record no. 54113)

MARC details
000 -LEADER
fixed length control field 00527cam a22002051 4500
001 - CONTROL NUMBER
control field sa 63001747
003 - CONTROL NUMBER IDENTIFIER
control field DLC
005 - DATE AND TIME OF LATEST TRANSACTION
control field 20260227111929.0
008 - FIXED-LENGTH DATA ELEMENTS--GENERAL INFORMATION
fixed length control field 890906m19591961ii 000 0 kano
010 ## - LIBRARY OF CONGRESS CONTROL NUMBER
LC control number sa 63001747
035 ## - SYSTEM CONTROL NUMBER
System control number (OCoLC)20307160
040 ## - CATALOGING SOURCE
Original cataloging agency DLC
Transcribing agency WaU
Modifying agency DLC
050 00 - LIBRARY OF CONGRESS CALL NUMBER
Classification number BL1135.P8
Item number A54
130 0# - MAIN ENTRY--UNIFORM TITLE
Uniform title Puranas.
Name of part/section of a work Viṣṇupurāṇa.
Language of a work Kanarese.
245 10 - TITLE STATEMENT
Title Śrimadbhāgavata kathāsāra.
260 ## - PUBLICATION, DISTRIBUTION, ETC.
Date of publication, distribution, etc. [1959-61]
300 ## - PHYSICAL DESCRIPTION
Extent 2 v. (1276 p.)
Dimensions 19 cm.
500 ## - GENERAL NOTE
General note In Kanarese.
700 2# - ADDED ENTRY--PERSONAL NAME
Personal name Rama Rao, M.

No items available.

Powered by Koha